| 000 | 01408cam a2200325 a 4500 | ||
|---|---|---|---|
| 001 | 13564449 | ||
| 005 | 20170105102848.0 | ||
| 008 | 040420s2004 nyu b 001 0 eng | ||
| 010 | _a 2004044784 | ||
| 020 | _a1594200335 (alk. paper) | ||
| 040 |
_aDLC _cDLC _dDLC |
||
| 043 |
_ae------ _an-us--- |
||
| 050 | 0 | 0 |
_aD1060 _b.R46 2004 |
| 082 | 0 | 0 |
_a327.7304/09/045 _222 |
| 100 | 1 | _aReid, T. R. | |
| 245 | 1 | 4 |
_aThe United States of Europe : _bthe new superpower and the end of American supremacy / _cT.R. Reid. |
| 260 |
_aNew York : _bPenguin Press, _c2004. |
||
| 300 |
_ax, 305 p. ; _c24 cm. |
||
| 504 | _aIncludes bibliographical references (p. [288]-289) and index. | ||
| 610 | 2 | 0 |
_aEuropean Union _xHistory. |
| 650 | 0 | _aGreat powers. | |
| 651 | 0 |
_aEuropean Union countries _xRelations _zUnited States. |
|
| 651 | 0 |
_aUnited States _xRelations _zEuropean Union countries. |
|
| 856 | 4 | 1 |
_3Table of contents _uhttp://www.loc.gov/catdir/toc/fy052/2004044784.html |
| 856 | 4 | 2 |
_3Contributor biographical information _uhttp://www.loc.gov/catdir/enhancements/fy0721/2004044784-b.html |
| 856 | 4 | 2 |
_3Publisher description _uhttp://www.loc.gov/catdir/enhancements/fy0721/2004044784-d.html |
| 906 |
_a7 _bcbc _corignew _d1 _eocip _f20 _gy-gencatlg |
||
| 942 |
_2ddc _cBK |
||
| 999 |
_c14171 _d14171 |
||